| 000 | 00398nam a22001337a 4500 | ||
|---|---|---|---|
| 082 | _aP-236 | ||
| 100 |
_aMuhammad Adeel Khan _947954 |
||
| 245 |
_aComparison of Soil Permeability Before and After Isntallation of Subsurface Drainage Sym _cBilal Shah |
||
| 260 |
_aMCE Risalpur _c13-05-2005 |
||
| 526 |
_a0 _b0 _c0 _dP_236 |
||
| 650 | _aProject | ||
| 710 |
_aDr Farhat Javed _947955 |
||
| 942 |
_2ddc _cBK |
||
| 999 |
_c551025 _d551025 |
||